000 00519 a2200169 4500
005 20250623152742.0
020 _a978-0-07-291873-1
082 _aLM 518.024 CHA
100 _aCHAPRA, S.C.
245 _aNumerical Methods for Engineers
250 _a5th Ed.
260 _aBoston,
_bMcGraw-Hill Higher Education,
_c2006.
300 _axv, 926p.: ill.; graph, picture,
_bIndex,
_c24cm.,
700 _aCANALE, R.P.
856 _yAccess Online Book
_fNumerical Methods for Engineers
_dwww.mhhe.com/chapra
942 _2ddc
_cBKS
999 _c1476
_d1476